000 00367nam a2200145Ia 4500
005 20251222144822.0
008 251222s9999||||xx |||||||||||||| ||spa||
020 _a88-465-0013-X
082 _a233/S31
100 _aScola, Angelo
245 0 _aQuestioni di antropologia teologica
250 _a2a.ed.
264 _bPontificia Universitá Lateranense
942 _cLIB
999 _c20511
_d20511